Statistics for Lorde Charting Songs (Billboard Hot 100)

Click here to take the quiz!

General Stats

  • This quiz has been taken 67 times
    (43 since last reset)
  • The average score is 7 of 9

Answer Stats

AlbumWeeks OnPeakArtist(s)Song% Correct
Pure Heroine44 Weeks#1 (9 Weeks)LordeRoyals
100%
Melodrama9 Weeks#19LordeGreen Light
85%
Pure Heroine38 Weeks#6LordeTeam
82%
Solar Power1 Week#64LordeSolar Power
79%
Melodrama1 Week#92Lorde ft. Khalid, Post Malone & SZAHomemade Dynamite
73%
Pure Heroine18 Weeks#71LordeTennis Court
67%
The Hunger Games: Mockingjay, Pt. 19 Weeks#34LordeYellow Flicker Beat
64%
Melodrama1 Week#78LordeLiability
55%
Pure Heroine3 Weeks#68LordeGlory and Gore
48%

Score Distribution

Percentile by Number Answered

Percent of People with Each Score

Your Score History

You have not taken this quiz since the last reset